000 00958nam a22003017a 4500
003 CHAP
005 20220817043339.0
008 971013s1977 r 00010 d
010 _a72744
011 _a73716
035 _a83274
040 _cCHAP
090 _aFolleto 4487
100 0 0 _aGarcía de Pedraza, Lorenzo.
_945918
245 _aRocío y escarcha
260 _a(Madrid) :
_bMinisterio de Agricultura,
_c1977
300 _a16 p.
_b: ilus.
490 _aMinisterio de Agricultura. Hojas divulgadoras
_v; 20-77
590 _aBATCH-UPD
_b10
_c20130110
_lUCH01
_h2248
590 _aBATCH-UPD
_b10
_c20130410
_lUCH01
_h1542
590 _aBATCH-UPD
_b10
_c20130914
_lUCH01
_h2003
590 _aCONVERSION
_b10
_c20130109
_lUCH01
_h1340
650 1 4 _aRocío
_xEfecto en plantas.
_998225
830 0 _aMinisterio de Agricultura. Hojas divulgadoras
_v; 20-77
901 _aBK
942 _cFOLL
949 _aFolleto 4487
_bBC
_cFOLL
_d-37761
_eTS1
_i83274
_mD
_si
999 _c72744
_d72744